The practice of construction management /

Đã lưu trong:
Chi tiết về thư mục
Tác giả chính: Fryer, Barry G.
Định dạng: Sách
Ngôn ngữ:English
Được phát hành: Oxford ; Cambridge, Mass., USA : Blackwell Science, 1997.
Phiên bản:3rd ed.
Những chủ đề:
Các nhãn: Thêm thẻ
Không có thẻ, Là người đầu tiên thẻ bản ghi này!
Thư viện lưu trữ: Mạng thư viện Đại học Đà Nẵng
LEADER 00855cam a2200325 i 4500
001 000046207
003 5663
005 20030408135256.0
008 010220|1997 vm 000 eng
020 |a 0632041420 
040 |a IRC  |c IRC  |d IRC 
041 0 |a eng 
082 1 4 |a 624.068  |b FR-B 
100 1 |a Fryer, Barry G. 
245 0 4 |a The practice of construction management /  |c Barry G. Fryer. 
250 |a 3rd ed. 
260 |a Oxford ; Cambridge, Mass., USA :  |b Blackwell Science,  |c 1997. 
300 |a ix, 294p. :  |b ill. 
630 0 4 |a Construction industry. 
650 0 4 |a Construction industry  |x Management. 
OWN |a DUT 
999 |a From the UDN01 
TYP |a Monograph 
TYP |a Printed language 
980 |a Mạng thư viện Đại học Đà Nẵng